[Event "Olympiad-43"]
[Site "Batumi"]
[Date "2018.10.03"]
[Round "9.4"]
[White "El Debs, Felipe de Cresce"]
[Black "Palacios Perez, Manuel"]
[Result "1-0"]
[WhiteElo "2542"]
[BlackElo "2151"]
[PlyCount "75"]
[EventDate "2018.09.24"]
[EventType "team-swiss"]
[EventRounds "11"]
[EventCountry "GEO"]
[SourceTitle "CBM 187"]
[Source "ChessBase"]
[SourceDate "2018.12.11"]
[SourceVersion "1"]
[SourceVersionDate "2018.12.11"]
[SourceQuality "1"]
[WhiteTeam "Brazil"]
[BlackTeam "IBCA"]
[WhiteTeamCountry "BRA"]

1. e4 e6 2. d4 d5 3. Bd3 c5 4. exd5 exd5 5. Nf3 Nc6 6. 0-0 Bd6 7. dxc5 Bxc5 8. Nbd2 Nge7 9. Nb3 Bd6 10. Re1 0-0 11. Nbd4 a6 12. c3 Qc7 13. h3 h6 14. Bc2 Rd8 15. Nh4 Nxd4 16. cxd4 Qc4 17. Be3 Bd7 18. Rc1 Qb5 19. a4 Qb6 20. Qd3 f5 21. Bd2 Rf8 22. Nf3 Nc6 23. Bb3 Kh8 24. Bxd5 Nb4 25. Bxb4 Bxb4 26. Ne5 Bxa4 27. Re3 Be8 28. Qb3 a5 29. Bf7 Bxf7 30. Nxf7+ Kh7 31. Re6 Qxd4 32. Rc7 Rxf7 33. Rxf7 Rc8 34. Qg3 Qxb2 35. Qg6+ Kh8 36. Qxf5 Qd4 37. Rxh6+ Kg8 38. Qxc8+ 1-0

[Event "Olympiad-43"]
[Site "Batumi"]
[Date "2018.10.01"]
[Round "7.35"]
[White "Mohamed, Abderrahim Taleb Mo"]
[Black "Palacios Perez, Manuel"]
[Result "0-1"]
[WhiteElo "1776"]
[BlackElo "2151"]
[PlyCount "174"]
[EventDate "2018.09.24"]
[EventType "team-swiss"]
[EventRounds "11"]
[EventCountry "GEO"]
[SourceTitle "CBM 187"]
[Source "ChessBase"]
[SourceDate "2018.12.11"]
[SourceVersion "1"]
[SourceVersionDate "2018.12.11"]
[SourceQuality "1"]
[WhiteTeam "Mauritania"]
[BlackTeam "IBCA"]
[WhiteTeamCountry "MAU"]

1. e4 c5 2. Nf3 d6 3. d4 cxd4 4. Nxd4 Nf6 5. Nc3 a6 6. Be3 e5 7. Nb3 Be6 8. Be2 Nbd7 9. 0-0 Be7 10. f4 Qc7 11. f5 Bc4 12. Kh1 b5 13. a3 Rc8 14. Rg1 Bxe2 15. Qxe2 Qc4 16. Qf3 h5 17. Bg5 Nb6 18. Bxf6 gxf6 19. Nd2 Qc6 20. Nf1 Nc4 21. Rb1 Nxb2 22. Nd5 Nc4 23. Qg3 Kf8 24. Nfe3 h4 25. Qh3 Nd2 26. Qg4 Nxb1 27. Rxb1 Bd8 28. h3 Qc5 29. a4 Rb8 30. Qe2 Qd4 31. Rb4 Qa1+ 32. Kh2 Ba5 33. Rb3 Be1 34. Nf1 Rg8 35. Nxf6 Bg3+ 36. Kh1 Qe1 37. Qxe1 Bxe1 38. Nxg8 Kxg8 39. Ne3 Bf2 40. Ng4 Bg3 41. axb5 axb5 42. Nf6+ Kh8 43. Kg1 Rc8 44. Rb2 Rc3 45. Ne8 Re3 46. Rb1 Rxe4 47. Nxd6 Re2 48. Nxf7+ Kg7 49. Nd6 b4 50. Rc1 e4 51. Kf1 Rf2+ 52. Kg1 e3 53. f6+ Kf8 54. Ne4 Rf4 55. Nxg3 hxg3 56. Re1 Re4 57. Kf1 Kf7 58. Ke2 Rc4 59. Kd3 Rc3+ 60. Ke4 Rxc2 61. Kxe3 b3 62. Kf3 Rc3+ 63. Kg4 Kxf6 64. Re4 b2 65. Rb4 Rc4+ 66. Rxc4 b1Q 67. Rf4+ Ke5 68. Rf3 Qg6+ 69. Kh4 Ke4 70. Rf4+ Ke3 71. Rg4 Qf6+ 72. Kxg3 Qd6+ 73. Kh4 Qe5 74. Rg3+ Kf2 75. Rg4 Qf5 76. Rg5 Qh7+ 77. Kg4 Kxg2 78. h4 Qh6 79. Kf5+ Kf3 80. h5 Qh7+ 81. Ke5 Qh6 82. Kf5 Qf8+ 83. Kg6 Kf4 84. Ra5 Qd6+ 85. Kh7 Qc7+ 86. Kg8 Qxa5 87. h6 Qg5+ 0-1

[Event "Salou m 3rd"]
[Site "Salou"]
[Date "2018.04.29"]
[Round "2"]
[White "Lopez Martinez, Josep Manuel"]
[Black "Palacios Perez, Manuel"]
[Result "1-0"]
[WhiteElo "2583"]
[BlackElo "2211"]
[PlyCount "58"]
[EventDate "2018.04.28"]
[EventType "match"]
[EventRounds "2"]
[EventCountry "ESP"]
[SourceTitle "CBM 184 Extra"]
[Source "ChessBase"]
[SourceDate "2018.06.28"]
[SourceVersion "1"]
[SourceVersionDate "2018.06.28"]
[SourceQuality "1"]

1. e4 c5 2. Nf3 d6 3. d4 cxd4 4. Nxd4 Nf6 5. Nc3 a6 6. Be3 e5 7. Nf3 Qc7 8. a4 b6 9. Qd3 Be7 10. Qc4 Qxc4 11. Bxc4 Nbd7 12. Nd2 Bb7 13. f3 0-0 14. 0-0-0 Bc6 15. g4 Rfc8 16. Kb1 Nc5 17. g5 Nh5 18. b3 g6 19. Bd5 Rab8 20. Bxc6 Rxc6 21. Nd5 Bd8 22. h4 Kg7 23. Kb2 a5 24. Nc3 Nf4 25. Nb5 Be7 26. Nb1 Rd8 27. N1c3 Kg8 28. Bxf4 exf4 29. Nd5 Rd7 1-0

[Event "Salou m 3rd"]
[Site "Salou"]
[Date "2018.04.28"]
[Round "1"]
[White "Palacios Perez, Manuel"]
[Black "Lopez Martinez, Josep Manuel"]
[Result "0-1"]
[WhiteElo "2211"]
[BlackElo "2583"]
[PlyCount "34"]
[EventDate "2018.04.28"]
[EventType "match"]
[EventRounds "2"]
[EventCountry "ESP"]
[SourceTitle "CBM 184 Extra"]
[Source "ChessBase"]
[SourceDate "2018.06.28"]
[SourceVersion "1"]
[SourceVersionDate "2018.06.28"]
[SourceQuality "1"]

1. d4 Nf6 2. c4 e6 3. Nc3 Bb4 4. Qc2 d6 5. Nf3 Nbd7 6. Bd2 b6 7. a3 Bxc3 8. Bxc3 Bb7 9. e3 c5 10. Be2 cxd4 11. exd4 Rc8 12. Qa4 Ne4 13. Rc1 0-0 14. 0-0 a6 15. b4 b5 16. Qb3 bxc4 17. Bxc4 Nb6 0-1

[Event "ESP-ch FEDC 26th"]
[Site "Ciudad Real"]
[Date "2017.11.19"]
[Round "8.1"]
[White "Olivera Gutierrez, Albert"]
[Black "Palacios Perez, Manuel"]
[Result "1/2-1/2"]
[WhiteElo "2012"]
[BlackElo "2202"]
[PlyCount "41"]
[EventDate "2017.11.12"]
[EventType "swiss"]
[EventRounds "8"]
[EventCountry "ESP"]
[SourceTitle "EXT 2024"]
[Source "ChessBase"]
[SourceDate "2023.10.10"]
[SourceVersion "1"]
[SourceVersionDate "2023.10.10"]
[SourceQuality "1"]

1. e4 e6 2. d4 d5 3. exd5 exd5 4. Bd3 Nc6 5. Ne2 Bd6 6. Nd2 Nge7 7. Nf3 Bf5 8. Bf4 Bxf4 9. Nxf4 Qd6 10. Qd2 h6 11. c3 Be4 12. Be2 0-0-0 13. Nd3 g5 14. Nfe5 Rhf8 15. f3 Bxd3 16. Nxd3 Rde8 17. 0-0 Nf5 18. Nc5 Qe7 19. Rf2 Nd6 20. Bd3 Qe3 21. Qc2 1/2-1/2

[Event "ESP-ch FEDC 26th"]
[Site "Ciudad Real"]
[Date "2017.11.17"]
[Round "6.1"]
[White "Palacios Perez, Manuel"]
[Black "Fernandez Manrique, Agustin"]
[Result "1-0"]
[WhiteElo "2202"]
[BlackElo "2132"]
[PlyCount "89"]
[EventDate "2017.11.12"]
[EventType "swiss"]
[EventRounds "8"]
[EventCountry "ESP"]
[SourceTitle "EXT 2024"]
[Source "ChessBase"]
[SourceDate "2023.10.10"]
[SourceVersion "1"]
[SourceVersionDate "2023.10.10"]
[SourceQuality "1"]

1. d4 Nf6 2. Nc3 e6 3. e4 d5 4. Bg5 Be7 5. e5 Nfd7 6. Bxe7 Qxe7 7. f4 a6 8. Nf3 c5 9. Ne2 Nc6 10. c3 b5 11. Ng3 g6 12. Qd2 Nb6 13. Bd3 Nc4 14. Qf2 cxd4 15. b3 Na3 16. Nxd4 Qc5 17. Nge2 Nxd4 18. Qxd4 Qxd4 19. Nxd4 Bd7 20. Kd2 Ke7 21. g4 h5 22. h3 hxg4 23. hxg4 a5 24. Rag1 Rag8 25. g5 Rc8 26. Rc1 Rb8 27. Rh6 Rxh6 28. gxh6 Rh8 29. Rh1 b4 30. cxb4 axb4 31. h7 f5 32. exf6+ Kxf6 33. Nf3 Kg7 34. Ng5 Kf6 35. Re1 Rf8 36. Rh1 Rh8 37. Rg1 Be8 38. Re1 Bd7 39. Re2 Rf8 40. Rh2 Rh8 41. Rg2 Be8 42. Ke3 e5 43. fxe5+ Kxe5 44. Rf2 d4+ 45. Kd2 1-0

[Event "IBCA-ol blind 15th"]
[Site "Ohrid"]
[Date "2017.06.23"]
[Round "5.1"]
[White "Dimic, Pavle"]
[Black "Palacios Perez, Manuel"]
[Result "1-0"]
[WhiteElo "2349"]
[BlackElo "2246"]
[PlyCount "55"]
[EventDate "2017.06.19"]
[EventType "team-swiss"]
[EventRounds "9"]
[EventCountry "MKD"]
[SourceTitle "CBM 179 Extra"]
[Source "ChessBase"]
[SourceDate "2017.08.23"]
[SourceVersion "1"]
[SourceVersionDate "2017.08.23"]
[SourceQuality "1"]
[WhiteTeam "Serbia"]
[BlackTeam "Spain"]
[WhiteTeamCountry "SRB"]
[BlackTeamCountry "ESP"]

1. d4 d5 2. c4 c6 3. Nc3 Nf6 4. e3 Bf5 5. cxd5 Nxd5 6. Nge2 e5 7. dxe5 Bb4 8. Bd2 Nxc3 9. Bxc3 Bxc3+ 10. Nxc3 Nd7 11. e4 Be6 12. f4 g6 13. Qd4 0-0 14. Be2 Qb6 15. Qxb6 axb6 16. 0-0 b5 17. a3 Bb3 18. Rac1 Nc5 19. Nxb5 Nxe4 20. Nd4 Ba2 21. Rfd1 Rfd8 22. Bf3 Bd5 23. Ne2 Kf8 24. Rd4 f5 25. Rcd1 Re8 26. Bxe4 Bxe4 27. Nc3 Bc2 28. R1d2 1-0

[Event "IBCA-ol blind 15th"]
[Site "Ohrid"]
[Date "2017.06.21"]
[Round "3.1"]
[White "Palacios Perez, Manuel"]
[Black "Nizam, Rasim"]
[Result "0-1"]
[WhiteElo "2246"]
[BlackElo "2158"]
[PlyCount "108"]
[EventDate "2017.06.19"]
[EventType "team-swiss"]
[EventRounds "9"]
[EventCountry "MKD"]
[SourceTitle "CBM 179 Extra"]
[Source "ChessBase"]
[SourceDate "2017.08.23"]
[SourceVersion "1"]
[SourceVersionDate "2017.08.23"]
[SourceQuality "1"]
[WhiteTeam "Spain"]
[BlackTeam "Bulgaria"]
[WhiteTeamCountry "ESP"]
[BlackTeamCountry "BUL"]

1. d4 Nf6 2. Nf3 e6 3. Bg5 Be7 4. c4 d5 5. Nc3 0-0 6. e3 h6 7. Bh4 Nbd7 8. Qc2 c6 9. Be2 dxc4 10. a4 Nd5 11. Bxe7 Qxe7 12. Bxc4 Nb4 13. Qe2 e5 14. dxe5 Nxe5 15. Nxe5 Qxe5 16. 0-0 Be6 17. Rad1 Rad8 18. Bxe6 Qxe6 19. Rxd8 Rxd8 20. Rd1 Qe7 21. Rd2 a5 22. Qd1 Rxd2 23. Qxd2 Qc7 24. g3 Qe7 25. h4 Qc7 26. Kg2 Qe7 27. Qd4 c5 28. Qg4 Qc7 29. Qe4 Qd7 30. h5 Nd3 31. Qc4 Qc6+ 32. e4 Nxb2 33. Qb3 Nd3 34. Nd5 c4 35. Qd1 Qe6 36. Qe2 Kh7 37. f3 Qe5 38. Ne3 Qa1 39. Nxc4 Qc3 40. Nxa5 Ne1+ 41. Kf2 Nd3+ 42. Kg2 Nc1 43. Qb5 Nd3 44. Qf5+ Kg8 45. e5 Qc2+ 46. Kg1 Qf2+ 47. Kh1 Qf1+ 48. Kh2 Qe2+ 49. Kg1 Nxe5 50. Qc8+ Kh7 51. Qf5+ g6 52. hxg6+ fxg6 53. Qh3 Qe1+ 54. Kg2 Qxa5 0-1

[Event "Madrid FEDC-ch 25th"]
[Site "Madrid"]
[Date "2016.11.13"]
[Round "8"]
[White "Fernandez Manrique, Agustin"]
[Black "Palacios Perez, Manuel"]
[Result "1/2-1/2"]
[WhiteElo "2149"]
[BlackElo "2170"]
[PlyCount "96"]
[EventDate "2016.11.06"]
[EventType "swiss"]
[EventRounds "8"]
[EventCountry "ESP"]
[SourceTitle "CBM 175 Extra"]
[Source "ChessBase"]
[SourceDate "2016.12.12"]
[SourceVersion "1"]
[SourceVersionDate "2016.12.12"]
[SourceQuality "1"]

1. c4 e5 2. Nc3 Nf6 3. Nf3 Nc6 4. e4 Bb4 5. d3 h6 6. a3 Bxc3+ 7. bxc3 d6 8. g3 Be6 9. Bg2 Qd7 10. Rb1 b6 11. 0-0 0-0 12. Nh4 Rae8 13. f4 Bg4 14. Bf3 Bh3 15. Bg2 Bg4 16. Bf3 exf4 17. gxf4 Bxf3 18. Qxf3 Qg4+ 19. Qg3 Qxg3+ 20. hxg3 Nd7 21. Rd1 Ne7 22. f5 Kh7 23. Nf3 Nc6 24. Bf4 Nc5 25. Kf2 Ne5 26. Bxe5 dxe5 27. Ke3 f6 28. Kd2 Kg8 29. Kc2 Kf7 30. Rh1 Re7 31. Rbd1 Rd8 32. Rd2 Red7 33. Rhd1 a5 34. Nh4 Rd6 35. Ng2 a4 36. Ne3 Nb3 37. Rh2 c6 38. Re2 Ke7 39. Rh2 Kd7 40. c5 Nxc5 41. Nc4 Kc7 42. Nxd6 Rxd6 43. Re2 Nb3 44. Re3 Na5 45. Rb1 c5 46. Rd1 Nb3 47. g4 Na5 48. Rf3 Nb3 1/2-1/2

[Event "IBCA EU-chT blind 01st"]
[Site "Warsaw"]
[Date "2016.08.01"]
[Round "9.1"]
[White "Palacios Perez, Manuel"]
[Black "Nizam, Rasim"]
[Result "0-1"]
[WhiteElo "2163"]
[BlackElo "2185"]
[PlyCount "72"]
[EventDate "2016.07.24"]
[EventType "team-swiss"]
[EventRounds "9"]
[EventCountry "POL"]
[SourceTitle "CBM 173 Extra"]
[Source "ChessBase"]
[SourceDate "2016.08.29"]
[SourceVersion "1"]
[SourceVersionDate "2016.08.29"]
[SourceQuality "1"]
[WhiteTeam "Spain"]
[BlackTeam "Bulgaria"]
[WhiteTeamCountry "ESP"]
[BlackTeamCountry "BUL"]

1. d4 Nf6 2. c4 e6 3. Nc3 Bb4 4. Qc2 0-0 5. Nf3 c5 6. dxc5 Nc6 7. a3 Bxc5 8. e3 b6 9. Be2 Bb7 10. 0-0 a6 11. Rd1 Qc7 12. b4 Be7 13. Bb2 Rac8 14. h3 d6 15. Rd2 Rfd8 16. Rad1 Nb8 17. Nd4 Nbd7 18. f4 Qb8 19. Qa4 Qa8 20. Nf3 Rc7 21. Qb3 Rdc8 22. Na4 Ne4 23. Rc2 b5 24. Nc3 bxc4 25. Qa4 Ng3 26. Kf2 Nxe2 27. Kxe2 Nf6 28. b5 Rc5 29. bxa6 Bxa6 30. Rcd2 Qb7 31. Kf2 Qb6 32. Nd4 Bb7 33. Qb4 Qc7 34. Na4 Ne4+ 35. Kg1 Nxd2 36. Nxc5 dxc5 0-1

[Event "IBCA EU-chT blind 01st"]
[Site "Warsaw"]
[Date "2016.07.24"]
[Round "1.1"]
[White "Deville, Olivier"]
[Black "Palacios Perez, Manuel"]
[Result "0-1"]
[WhiteElo "1849"]
[BlackElo "2163"]
[PlyCount "80"]
[EventDate "2016.07.24"]
[EventType "team-swiss"]
[EventRounds "9"]
[EventCountry "POL"]
[SourceTitle "CBM 173 Extra"]
[Source "ChessBase"]
[SourceDate "2016.08.29"]
[SourceVersion "1"]
[SourceVersionDate "2016.08.29"]
[SourceQuality "1"]
[WhiteTeam "France"]
[BlackTeam "Spain"]
[WhiteTeamCountry "FRA"]
[BlackTeamCountry "ESP"]

1. c4 e5 2. Nc3 Nf6 3. Nf3 d6 4. d4 Nc6 5. dxe5 Nxe5 6. Nxe5 dxe5 7. Qxd8+ Kxd8 8. Nd5 Ne4 9. f3 Nd6 10. Bg5+ f6 11. Nxf6 h6 12. Bh4 Be7 13. 0-0-0 Bxf6 14. Bxf6+ gxf6 15. c5 Ke7 16. cxd6+ cxd6 17. e4 Be6 18. Kb1 Rhg8 19. g4 Rad8 20. Rc1 d5 21. Rc7+ Kd6 22. Rxb7 dxe4 23. fxe4 Bxg4 24. Bc4 Bf3 25. Re1 Rg4 26. Bd5 Rd7 27. Rxd7+ Kxd7 28. Re3 Bg2 29. Kc1 f5 30. Ra3 Bxe4 31. Rxa7+ Kd6 32. Bxe4 Rxe4 33. Ra6+ Kd5 34. Rxh6 f4 35. h4 Rd4 36. h5 f3 37. Rg6 Ke4 38. h6 Ke3 39. Rg5 f2 40. Rxe5+ Kf4 0-1

[Event "Seville op 41st"]
[Site "Seville"]
[Date "2016.01.10"]
[Round "3"]
[White "Sundararajan, Kidambi"]
[Black "Palacios Perez, Manuel"]
[Result "1-0"]
[WhiteElo "2508"]
[BlackElo "2157"]
[PlyCount "63"]
[EventDate "2016.01.08"]
[EventType "swiss"]
[EventRounds "9"]
[EventCountry "ESP"]
[SourceTitle "CBM 170 Extra"]
[Source "ChessBase"]
[SourceDate "2016.02.25"]
[SourceVersion "1"]
[SourceVersionDate "2016.02.25"]
[SourceQuality "1"]

1. d4 d5 2. Nf3 Nf6 3. c4 c6 4. e3 Bf5 5. Nc3 e6 6. Nh4 Be4 7. f3 Bg6 8. Qb3 Qc7 9. Bd2 Be7 10. 0-0-0 Qb6 11. Nxg6 Qxb3 12. axb3 hxg6 13. Be2 Nbd7 14. Kc2 0-0 15. g4 Rfd8 16. g5 Ne8 17. e4 dxc4 18. bxc4 e5 19. dxe5 Nxe5 20. f4 Nd7 21. h4 Nf8 22. h5 Ne6 23. hxg6 Nd4+ 24. Kb1 fxg6 25. Bg4 Nc7 26. f5 Bd6 27. fxg6 Be5 28. Be3 Kf8 29. Nd5 Nxd5 30. exd5 c5 31. Bxd4 cxd4 32. Rde1 1-0

[Event "FEDC Cup Div/1 16th"]
[Site "Cambrils"]
[Date "2015.11.26"]
[Round "5.1"]
[White "Zanoletty Garcia, David"]
[Black "Palacios Perez, Manuel"]
[Result "0-1"]
[WhiteElo "1996"]
[BlackElo "2198"]
[PlyCount "38"]
[EventDate "2015.11.22"]
[EventType "team-tourn"]
[EventRounds "7"]
[EventCountry "ESP"]
[SourceTitle "CBM 169 Extra"]
[Source "ChessBase"]
[SourceDate "2015.12.18"]
[SourceVersion "1"]
[SourceVersionDate "2015.12.18"]
[SourceQuality "1"]
[WhiteTeam "Madrid"]
[BlackTeam "Tarragona"]
[WhiteTeamCountry "ESP"]
[BlackTeamCountry "ESP"]

1. d4 d5 2. c4 c6 3. Nf3 Nf6 4. e3 Bf5 5. Nc3 e6 6. Qb3 Qb6 7. Qxb6 axb6 8. Nh4 Bg6 9. Nxg6 hxg6 10. cxd5 exd5 11. Be2 Bd6 12. h3 Nbd7 13. 0-0 b5 14. Bd3 b4 15. Nb1 0-0 16. f3 Rfe8 17. Re1 c5 18. Kf2 cxd4 19. exd4 Bg3+ 0-1

[Event "IBCA Wch blind 13th"]
[Site "Katerini"]
[Date "2014.05.07"]
[Round "3"]
[White "Zoltek, Tadeusz"]
[Black "Palacios Perez, Manuel"]
[Result "0-1"]
[WhiteElo "2163"]
[BlackElo "2192"]
[PlyCount "70"]
[EventDate "2014.05.05"]
[EventType "swiss"]
[EventRounds "9"]
[EventCountry "GRE"]
[SourceTitle "CBM 160 Extra"]
[Source "ChessBase"]
[SourceDate "2014.07.01"]
[SourceVersion "1"]
[SourceVersionDate "2014.07.01"]
[SourceQuality "1"]

1. Nf3 d5 2. d4 Nc6 3. g3 Bf5 4. Bg2 e6 5. 0-0 Be7 6. b3 Nf6 7. Bb2 0-0 8. Nbd2 Ne4 9. Rc1 a5 10. a4 h6 11. c4 Bb4 12. Nxe4 Bxe4 13. Ne1 Bxg2 14. Nxg2 Be7 15. Qd3 Nb4 16. Qb1 Qd7 17. e4 c6 18. Rfd1 Rad8 19. Ba3 b6 20. Ne3 dxe4 21. Bxb4 Bxb4 22. Qxe4 f5 23. Qc2 Qe7 24. f4 Rd7 25. Kf1 Rfd8 26. Qe2 Qf6 27. d5 cxd5 28. cxd5 exd5 29. Qd3 g6 30. Qb5 Qe6 31. Ng2 Rd6 32. Rc7 Re8 33. Qd3 d4 34. Nh4 Qd5 35. Nf3 Rde6 0-1

[Event "Valladolid Once-ch 23rd"]
[Site "Valladolid"]
[Date "2012.11.23"]
[Round "6"]
[White "Palacios Perez, Manuel"]
[Black "Draghici Flutur, Gavril"]
[Result "1-0"]
[WhiteElo "2152"]
[BlackElo "2084"]
[PlyCount "91"]
[EventDate "2012.11.18"]
[EventType "swiss"]
[EventRounds "8"]
[EventCountry "ESP"]
[SourceTitle "CBM 151 Extra"]
[Source "ChessBase"]
[SourceDate "2012.12.18"]
[SourceVersion "1"]
[SourceVersionDate "2012.12.18"]
[SourceQuality "1"]

1. d4 d5 2. Nf3 Nf6 3. g3 e6 4. Bg2 Be7 5. 0-0 0-0 6. c4 dxc4 7. Qc2 b5 8. a4 b4 9. Nbd2 Bb7 10. Nxc4 Nbd7 11. Rd1 Be4 12. Qb3 c5 13. Bf4 cxd4 14. Nxd4 Nc5 15. Qxb4 Nd3 16. Qa5 Qxd4 17. exd3 Bxg2 18. Kxg2 Ng4 19. Ne3 Nxe3+ 20. Bxe3 Qxb2 21. Qb5 Rfb8 22. Qxb2 Rxb2 23. Rdb1 Rb4 24. a5 a6 25. Rxb4 Bxb4 26. Ra4 Bc3 27. Bb6 Rc8 28. Kf3 Kf8 29. Ke3 Ke7 30. d4 Kd6 31. Bc5+ Kd5 32. Kd3 Be1 33. Ra1 Bxf2 34. Rf1 Bxd4 35. Bxd4 e5 36. Be3 f6 37. Rb1 h5 38. Rb7 g5 39. Rb6 f5 40. Bxg5 e4+ 41. Kd2 Rc4 42. Rxa6 Ra4 43. Ke2 Ra2+ 44. Bd2 Kd4 45. Rd6+ Kc5 46. Rf6 1-0

[Event "IBCA-ol blind 14th"]
[Site "Chennai"]
[Date "2012.08.14"]
[Round "5.2"]
[White "Palacios Perez, Manuel"]
[Black "Ross, Chris Neil"]
[Result "0-1"]
[WhiteElo "2166"]
[BlackElo "2231"]
[PlyCount "38"]
[EventDate "2012.08.10"]
[EventType "team-swiss"]
[EventRounds "9"]
[EventCountry "IND"]
[SourceTitle "CBM 149 Extra"]
[Source "ChessBase"]
[SourceDate "2012.08.24"]
[SourceVersion "1"]
[SourceVersionDate "2012.08.24"]
[SourceQuality "1"]
[WhiteTeam "Spain"]
[BlackTeam "Great Britain"]
[WhiteTeamCountry "ESP"]
[BlackTeamCountry "GBR"]

1. d4 e6 2. c4 Nf6 3. Nc3 Bb4 4. Qc2 0-0 5. e4 d5 6. e5 Ne4 7. Bd3 c5 8. cxd5 exd5 9. Nge2 cxd4 10. Nxd4 Nd7 11. f4 Qh4+ 12. g3 Qh3 13. Bf1 Qh6 14. Bg2 Qa6 15. a3 Ndc5 16. Bf1 Bxc3+ 17. Qxc3 Qb6 18. Qb4 Qd8 19. Nb3 a5 0-1

[Event "IBCA-ol blind 14th"]
[Site "Chennai"]
[Date "2012.08.13"]
[Round "4.2"]
[White "Riegler, Dieter"]
[Black "Palacios Perez, Manuel"]
[Result "1/2-1/2"]
[WhiteElo "2132"]
[BlackElo "2166"]
[PlyCount "43"]
[EventDate "2012.08.10"]
[EventType "team-swiss"]
[EventRounds "9"]
[EventCountry "IND"]
[SourceTitle "CBM 149 Extra"]
[Source "ChessBase"]
[SourceDate "2012.08.24"]
[SourceVersion "1"]
[SourceVersionDate "2012.08.24"]
[SourceQuality "1"]
[WhiteTeam "Germany"]
[BlackTeam "Spain"]
[WhiteTeamCountry "GER"]
[BlackTeamCountry "ESP"]

1. d4 d5 2. c4 c6 3. Nf3 Nf6 4. Qc2 dxc4 5. Qxc4 Bf5 6. g3 e6 7. Bg2 Be7 8. 0-0 0-0 9. Nc3 Nbd7 10. Re1 Ne4 11. Qb3 Nb6 12. Bf4 c5 13. dxc5 Bxc5 14. Nxe4 Bxe4 15. Red1 Qe7 16. Ng5 Bxg2 17. Kxg2 Nd5 18. Bd2 h6 19. Ne4 Bb6 20. Nc3 Qf6 21. Be1 Nxc3 22. Qxc3 1/2-1/2